000 00560nam a2200193Ia 4500
005 20230411140035.0
008 131103s9999 xx 000 0 und d
020 _a000686183 0
_cRs.100
040 _aLoreto College
041 _aEnglish
082 _a823.08
_bBRA
245 4 _aThe novel today
_b contemporary writers on modern fiction
_cedited by Malcolm Bradbury
260 _aLondon
_bFontana Press
_c1990
300 _a[4],249 p.
504 _aIncludes bibliographical references
700 _aBradbury,Malcolm,ed.
850 _aLCLIB
942 _cBK
999 _c4605
_d55084